| 000 | 00872nam a22002537a 4500 | ||
|---|---|---|---|
| 005 | 20230918113529.0 | ||
| 010 | _aENG-138089 | ||
| 020 |
_a9789356067783 _c899.00 |
||
| 035 | _aEN-121621 | ||
| 037 | _bDBAD/PUB | ||
| 082 |
_a530 _2First |
||
| 100 |
_aJindal, U.C _956783 |
||
| 245 |
_aPhysics of Materials/ _cBy U.C Jindal...[et.al] |
||
| 250 | _aFirst | ||
| 260 |
_aUttar Pradesh _bPearson India Education Services Pvt. Ltd. _c2023 |
||
| 270 |
_a1st Floor, Berger Tower, Plot No. C-001A/2, Sector 16B _bNoida (Uttar Pradesh) _e201301 |
||
| 300 |
_av.p. _c24cm(pbk) _bIndex |
||
| 700 |
_aMozumder, Atish _eAuthor _956784 |
||
| 700 |
_aJothilaksmi, R _eAuthor _956785 |
||
| 700 |
_aReddy, C Parthasaradhi _eAuthor _956786 |
||
| 700 |
_a J.Paul Praveen _eContributor _956787 |
||
| 700 |
_aG Murugean _eContributor _956788 |
||
| 942 |
_2ddc _cEN _h530 _mJIN |
||
| 999 |
_c198256 _d198256 |
||